| 000 | 00368nam a2200145Ia 4500 | ||
|---|---|---|---|
| 008 | 220613s9999||||xx |||||||||||||| ||und|| | ||
| 020 | _aISBN-978-1-25-925130-6 | ||
| 100 | _aImboden John B | ||
| 245 | 0 | _aCurrent Diagnosis & Treatment Rheumatology | |
| 250 | _a3rd(2013) | ||
| 260 | _bMc Graw Hill New Yourk | ||
| 300 | _a600 | ||
| 650 | _aMedicine | ||
| 942 | _cMEDI | ||
| 999 |
_c10882 _d10882 |
||